| 000 | | | 04010nac2a22002771x 450 |
| 001 | | | 6f42bdbf-6fa1-46d2-8dc5-270bc6084535 |
| 005 | | | 20160419153810.0 |
| 100 | ## | $a | 20151226l19061906k y0rusy50 ca |
| 101 | 0# | $a | rus |
| 102 | ## | $a | RU |
| 105 | ## | $a | y z ||||| |
| 122 | 2# | $a | d19061013 |
| | $a | d19061014 |
| 122 | 0# | $a | d19061013 |
| 200 | 1# | $a | Протоколы собраний Группы центра Государственного Совета по аграрному и еврейскому вопросам |
| | $j | 13-14 октября 1906 |
| 215 | ## | $a | 46 листов |
| 251 | ## | $c | Дело |
| 300 | ## | $a | Заголовок дела на папке: Протоколы собраний Группы центра Государственного Совета 13 октября 1906 г. по аграрному и еврейскому вопросу |
| 300 | ## | $a | Часть документов рукописная, часть - машинописная |
| 330 | ## | $a | Входит в раздел описи: 1. Программные документы, протоколы общих собраний, докладные записки, запросы и списки членов группы |
| 461 | #0 | $1 | 00139b3a626-d0a0-47c3-aa28-5617d4973b79 |
| | $1 | 2001 |
| | $a | Группа центра Государственного совета |
| | $1 | 251 |
| | $c | Фонд |
| | $1 | 852 |
| | $j | 1178 |
| 462 | #0 | $1 | 001048ab243-cffe-4e04-813f-03e83f42b87a |
| | $1 | 2001 |
| | $a | Дела постоянного хранения |
| | $v | Д. 7 |
| | $1 | 251 |
| | $c | Опись |
| | $1 | 852 |
| | $j | 1 |
| 517 | 1# | $a | Протоколы собраний Группы центра Государственного Совета 13 октября 1906 г. по аграрному и еврейскому вопросу |
| 601 | 01 | $3 | RU\NLR\AUTH\889948591 |
| | $a | Россия |
| | $b | Государственный совет |
| | $b | Группа центра |
| 801 | #0 | $a | RU |
| | $b | GA_RF |
| 801 | #1 | $a | RU |
| | $b | НПО Опыт |
| | $c | 20151226 |
| | $2 | rusmarc |
| 801 | #2 | $a | RU |
| | $b | ПБ им. Б.Н. Ельцина |
| | $c | 20160419 |
| | $g | RCR |
| | $2 | rusmarc |
| 852 | ## | $a | ГА РФ |
| | $j | 7 |
| 937 | ## | $d | 71803254 |
| | $h | ПБ |
| 035 | ## | $a | RuPRLIB51034892 |